|
|
|
|
| LEADER |
00000nam0a2200000 4500 |
| 001 |
320125 |
| 005 |
20231102003240.0 |
| 035 |
|
|
|a (RuTPU)RU\TPU\book\345648
|
| 090 |
|
|
|a 320125
|
| 100 |
|
|
|a 20160624d1949 km y0rusy50 ca
|
| 101 |
0 |
|
|a rus
|
| 102 |
|
|
|a RU
|
| 105 |
|
|
|a a z 000zy
|
| 200 |
1 |
|
|a Смазочные масла и консистентные смазки. Ассортимент и применение
|f Р. Г. Иванов, П. М. Голенев, П. С. Тиндо
|
| 210 |
|
|
|a Москва
|c Стандартгиз
|d 1949
|
| 215 |
|
|
|a 150 с.
|c ил.
|
| 606 |
1 |
|
|a Смазочные масла
|x Испытание
|2 stltpush
|3 (RuTPU)RU\TPU\subj\55294
|9 73337
|
| 610 |
1 |
|
|a консистентные смазки
|
| 610 |
1 |
|
|a ассортимент
|
| 610 |
1 |
|
|a применение
|
| 610 |
1 |
|
|a авиационные масла
|
| 610 |
1 |
|
|a компрессорные масла
|
| 610 |
1 |
|
|a турбинные масла
|
| 610 |
1 |
|
|a осевые масла
|
| 675 |
|
|
|a 621.892
|v 4
|
| 700 |
|
1 |
|a Иванов
|b Р. Г.
|
| 701 |
|
1 |
|a Голенев
|b П. М.
|
| 701 |
|
1 |
|a Тиндо
|b П. С.
|
| 801 |
|
1 |
|a RU
|b 63413507
|c 20160624
|
| 801 |
|
2 |
|a RU
|b 63413507
|c 20200522
|g RCR
|
| 942 |
|
|
|c BK
|